Orang Jawa di Selangor : Penghijrahan dan penempatan 1880-1940

Bibliographic Details
Main Author: Khazin Mohd Tamrin
Format: Book
Published: Kuala Lumpur : DBP , 1984
Series:Kajian sejarah setempat
Subjects:

MARC

LEADER 00000cam a2200000 7i4500
001 0000007512
002 000008072
005 20000330.0
020 |a T000000634 
090 0 0 |a 909.049922   |b KHA 
100 0 |a Khazin Mohd Tamrin 
245 1 0 |a Orang Jawa di Selangor :   |b Penghijrahan dan penempatan 1880-1940   |c Khazin Mohd.Tamrin 
260 |a Kuala Lumpur :   |b DBP ,   |c 1984 
300 |a 221p. ;   |c 13cm. 
490 0 |a Kajian sejarah setempat 
650 0 0 |a Javanese   |z Malaysia 
999 |a 051347   |b BUKU   |c MALAYSIANA   |e PERPUSTAKAAN KOMUNITI PETALING JAYA